width="1356"

Removel of industrial dye (Nylosan rhodamin E-BP300) by using magnetically modified tea waste biochar/ (Record no. 4542)

MARC details
000 -LEADER
fixed length control field 00341nam a22000977a 4500
100 ## - MAIN ENTRY--AUTHOR NAME
Personal name Wasasinghe, S.M.Schithra tikiri kumara
245 ## - TITLE STATEMENT
Title Removel of industrial dye (Nylosan rhodamin E-BP300) by using magnetically modified tea waste biochar/
260 ## - PUBLICATION, DISTRIBUTION, ETC. (IMPRINT)
Place of publication Rajagiriya.
Name of publisher Institute of Chemical Science,
Year of publication 2017.
300 ## - PHYSICAL DESCRIPTION
Number of Pages viii,27p;
942 ## - ADDED ENTRY ELEMENTS (KOHA)
Koha item type Dissertation
Holdings
Withdrawn status Lost status Collection code Home library Current library Shelving location Date acquired Accession Number Koha item type
    Non-fiction Ichemc Library Ichemc Library Reference 09/05/2018 D0277 Discard

Contact Details

Librarian: Mrs.B.Hemakumara

Deputy Librarian:Mr.N.M.Waidyasuriya

Assistant Librarian:Mr.N.Mahindasiri

ICHEMC Library Management System